Violences sexistes et sexuelles (statistiques) - Statistiques

Statistiques générales
  • Ce quiz a été pris 229 fois
  • Le résultat moyen est 4 sur 10
Statistiques - réponses
Question Réponse % Correct
Une jeune femme (âgée de 15 à 24 ans) sur ... ayant eu une relation de couple aura déjà été victime de violence de la part d’un partenaire intime lorsqu’elle atteint l'âge de 25 ans 4
57%
Le dernier rapport annuel sur l’état des lieux du sexisme en France, publié en janvier 2023, stipule qu’entre 2020 et 2021, le nombre de victimes de violences conjugales a augmenté de ... 21%
49%
Depuis la pandémie de COVID-19, combien de femmes ont le sentiment que le harcèlement sexuel dans les espaces publics s'est aggravé ? 6 femmes sur 10
49%
Quel est la part des femmes victimes de violences au moins une fois dans leur vie ? 1/3
43%
Quelle est la part des femmes victimes de violences qui déclarent avoir subi des faits répétés ? 7/10
43%
Quel est la part des femmes qui ont eu une entrée dans la sexualité non-consentie ? 1/6
40%
Quel pourcentage d'agressions islamophobes visent des femmes ? (voilées ou non) 75%
34%
Une femme est victime de viol ou d'une tentative de viol toutes les ... minutes dans le monde 7
29%
En moyenne, combien de femmes et de filles sont tuées toutes les heures dans le monde par un de leurs partenaires ou par un membre de leur famille ? 5
11%
Quel est le pourcentage de femmes qui déclarent avoir été agressées par quelqu'un d'autre que leur mari ou leur partenaire (actuel ou passé) ? 6%
9%
Aucun quiz correspondant
Distribution des résultats
% des personnes avec chaque résultat
Percentile par nombre de réponses
Votre historique - résultats
Vous n’avez pas pris ce quiz